Přišel čas promluvit / Helena Lewisová
Record details
- ISBN: 80-85947-43-9 (váz.) :
- Physical Description: 110 s. ; 21 cm
- Edition: 1. vyd.
- Publisher: Brno : Barrister & Principal, 1999
Content descriptions
| General Note: | Přeloženo z angličtiny |
Available copies
- 2 of 2 copies available at Common Catalog SPOK.
Holds
- 0 current holds with 2 total copies.
Show Only Available Copies
| Location | Call Number / Copy Notes | Barcode | Shelving Location | Status | Due Date |
|---|---|---|---|---|---|
| Terezin Initiative Institute | 2668 | 4594302668 | Knihovna ITI | Available | - |
| The Jewish community of Prague | K 2260 | 4638300967 | K - Beletrie | Available | - |
| LDR | 01499nam a2200457 a 4500 | ||
|---|---|---|---|
| 001 | 26386 | ||
| 003 | CZ-PrJAB | ||
| 005 | 20220902162539.0 | ||
| 008 | 991201s1999 xr gr 000 0acze | ||
| 015 | . | ‡acnb000773134 | |
| 020 | . | ‡a80-85947-43-9 (váz.) : ‡cKč 120,00 | |
| 035 | . | ‡a(CONS)1197 | |
| 035 | . | ‡a(CZ PrSKC)cpk19990773134 | |
| 035 | . | ‡a(OCoLC)49560839 | |
| 040 | . | ‡aABA001 ‡bcze | |
| 041 | 1 | . | ‡acze ‡heng |
| 080 | . | ‡a323.12 ‡2MRF | |
| 080 | . | ‡a343.819.5 ‡2MRF | |
| 080 | . | ‡a929 ‡2MRF | |
| 080 | . | ‡a(=411.16) ‡2MRF | |
| 080 | . | ‡a(092) ‡2MRF | |
| 080 | . | ‡a(0:82-94) ‡2MRF | |
| 100 | 1 | . | ‡aLewis, Helen, ‡d1916-2009 ‡7pna2013744369 ‡4aut |
| 245 | 1 | 0. | ‡aPřišel čas promluvit / ‡cHelena Lewisová |
| 250 | . | ‡a1. vyd. | |
| 260 | . | ‡aBrno : ‡bBarrister & Principal, ‡c1999 | |
| 300 | . | ‡a110 s. ; ‡c21 cm | |
| 500 | . | ‡aPřeloženo z angličtiny | |
| 852 | 4 | . | ‡bJACH-ITI ‡bJACH-ITI ‡cKnihovna ITI ‡j2668 ‡p2668 ‡y$0.00 |
| 910 | . | ‡aABE340 ‡b2668 | |
| 910 | . | ‡aABE461 | |
| 995 | . | ‡aska | |
| 901 | . | ‡a26386 ‡bISxN ‡c26386 ‡tbiblio | |